000 00335nam a2200133Ia 4500
008 240624s9999 xx 000 0 und d
041 _aeng
082 _a658.403 HEA
100 _aHEATH CHIP
245 _aDECISIVE HOW TO MAKE BETTER DECISIONS
260 _c2013
_aLondon
_bRandom House
300 _a316 : p. : cm. ; 20
365 _cRS
999 _c24016
_d24016